000 00824nam a2200241 i 4500
001 58586
003 ES-MaACL
005 20240125151940.0
007 t|
008 031023s1965 mx ||||1| spa d
080 _a327(73)"1913/1945"
100 1 _aDuroselle, Jean-Baptiste.
_946312
245 1 0 _aPolítica exterior de los Estados Unidos :
_bde Wilson a Roosevelt (1913-1945) /
_cJean-Baptiste Duroselle ; traducción de Julieta Campos.
250 _a1ª ed. en español.
260 _aMéxico :
_bFondo de Cultura Económica,
_c1965.
300 _a515 p. ;
_c21 cm.
500 _aÍndice.
504 _aBibliografía: p. 471-502.
651 4 _aEstados Unidos-
_xPolítica exterior-
_y1900-1945.
_9158469
700 1 _aCampos, Julieta,
_d1932-2007
_9234944
852 4 _aES-MaACL
_jE-7078
999 _c58586
_d58586